[Event "Leiden SB-ch 1920"]
[Site "Leiden"]
[Date "2020.01.24"]
[Round "4"]
[White "Van Vleuten, Ronald"]
[Black "Van Halderen, Herman"]
[Result "0-1"]
[WhiteElo "1622"]
[BlackElo "2016"]
[PlyCount "118"]
[EventDate "2019.11.08"]
[EventType "swiss"]
[EventRounds "7"]
[EventCountry "NED"]
[SourceTitle "EXT 2023"]
[Source "ChessBase"]
[SourceDate "2022.10.05"]
[SourceVersion "1"]
[SourceVersionDate "2022.10.05"]
[SourceQuality "1"]

1. Nf3 e6 2. b3 f5 3. Bb2 Nf6 4. e3 Be7 5. Be2 0-0 6. 0-0 b6 7. d4 Bb7 8. c4 Ne4 9. Nbd2 d6 10. Qc2 Nd7 11. Nxe4 fxe4 12. Nd2 Nf6 13. f3 exf3 14. Bxf3 Bxf3 15. Rxf3 d5 16. Raf1 Bb4 17. Bc3 Qe7 18. Bxb4 Qxb4 19. Qd3 Rad8 20. e4 dxc4 21. bxc4 e5 22. d5 Qc5+ 23. Qe3 Nd7 24. Qxc5 Nxc5 25. Rxf8+ Rxf8 26. Rxf8+ Kxf8 27. Kf2 Ke7 28. Ke3 Kd6 29. Nf3 Nd7 30. Kd3 a6 31. Nd2 Nf6 32. Nf3 h6 33. g3 g5 34. Nd2 Ng4 35. Nf3 Nf6 36. Nd2 Nd7 37. Nb3 Nc5+ 38. Nxc5 Kxc5 39. Kc3 b5 40. cxb5 axb5 41. a3 g4 42. Kb3 Kd4 43. Kb4 Kxe4 44. Kxb5 Kxd5 45. a4 e4 46. a5 c6+ 47. Kb6 e3 48. a6 e2 49. a7 e1Q 50. a8Q Qb4+ 51. Kc7 Qd6+ 52. Kb6 Ke5 53. Qe8+ Qe6 54. Qxe6+ Kxe6 55. Kxc6 h5 56. Kc5 Ke5 57. Kc4 Ke4 58. Kc3 Kf3 59. Kd3 Kg2 0-1

[Event "Leiden op-A 13th"]
[Site "Leiden"]
[Date "2019.07.12"]
[Round "1"]
[White "Van Vliet, Jeffrey"]
[Black "Van Halderen, Herman"]
[Result "1-0"]
[WhiteElo "2380"]
[BlackElo "2015"]
[PlyCount "63"]
[EventDate "2019.07.12"]
[EventType "swiss"]
[EventRounds "9"]
[EventCountry "NED"]
[SourceTitle "EXT 2020"]
[Source "ChessBase"]
[SourceDate "2019.10.17"]
[SourceVersion "1"]
[SourceVersionDate "2019.10.17"]
[SourceQuality "1"]

1. e4 e6 2. d4 d5 3. Nc3 Nf6 4. Bg5 Bb4 5. e5 h6 6. Bd2 Bxc3 7. bxc3 Ne4 8. Qg4 g6 9. Bd3 Nxd2 10. Kxd2 c5 11. h4 Nc6 12. Rb1 Qc7 13. Rh3 c4 14. Be2 Bd7 15. Rf3 Rh7 16. Rf6 Ne7 17. Nh3 0-0-0 18. Qf3 Be8 19. g4 Ng8 20. Rf4 Qe7 21. Qe3 Qa3 22. h5 g5 23. Rf3 Bd7 24. Rg3 f5 25. f4 gxf4 26. Nxf4 Qe7 27. gxf5 exf5 28. Rbg1 Be6 29. Nxe6 Qxe6 30. Rg6 Qf7 31. e6 f4 32. Qe5 1-0

[Event "Leiden SB-ch 1819"]
[Site "Leiden"]
[Date "2018.12.07"]
[Round "3"]
[White "Vogt, Andreas"]
[Black "Van Halderen, Herman"]
[Result "1-0"]
[WhiteElo "2144"]
[BlackElo "2022"]
[PlyCount "75"]
[EventDate "2018.10.19"]
[EventType "swiss"]
[EventRounds "9"]
[EventCountry "NED"]
[SourceTitle "EXT 2023"]
[Source "ChessBase"]
[SourceDate "2022.10.05"]
[SourceVersion "1"]
[SourceVersionDate "2022.10.05"]
[SourceQuality "1"]

1. Nf3 e6 2. c4 f5 3. g3 Nf6 4. Bg2 d5 5. 0-0 Bd6 6. b3 Qe7 7. Bb2 c6 8. Nc3 0-0 9. d3 Nbd7 10. Re1 f4 11. cxd5 exd5 12. e4 fxg3 13. hxg3 d4 14. Nxd4 Ne5 15. Nf5 Bxf5 16. exf5 Qd7 17. Ne4 Nxe4 18. dxe4 Qe7 19. Qe2 Rad8 20. Rad1 Kh8 21. Rd2 Rd7 22. Red1 Rfd8 23. Bc3 Bc7 24. Rxd7 Rxd7 25. Rxd7 Qxd7 26. Qd2 Qxd2 27. Bxd2 Bb6 28. Kf1 Kg8 29. Ke2 Kf7 30. f4 Nd7 31. e5 Ke7 32. g4 h6 33. Bc3 Bc7 34. Be4 a5 35. Kf3 Bd8 36. e6 Nf6 37. g5 Ng8 38. Bxg7 1-0

[Event "Leiden SB-ch 1819"]
[Site "Leiden"]
[Date "2018.11.09"]
[Round "2"]
[White "Van Halderen, Herman"]
[Black "Hordijk, Frank"]
[Result "1-0"]
[WhiteElo "2022"]
[BlackElo "1544"]
[PlyCount "47"]
[EventDate "2018.10.19"]
[EventType "swiss"]
[EventRounds "9"]
[EventCountry "NED"]
[SourceTitle "EXT 2023"]
[Source "ChessBase"]
[SourceDate "2022.10.05"]
[SourceVersion "1"]
[SourceVersionDate "2022.10.05"]
[SourceQuality "1"]

1. d4 d5 2. c4 c6 3. Nf3 Nf6 4. Nc3 dxc4 5. a4 Bf5 6. Ne5 Nbd7 7. Nxc4 Nb6 8. Ne5 a5 9. f3 Nfd7 10. Nxd7 Qxd7 11. e4 Be6 12. d5 Nxd5 13. exd5 Bxd5 14. Nxd5 Qxd5 15. Qxd5 cxd5 16. Bb5+ Kd8 17. Be3 e6 18. Bb6+ Ke7 19. Rc1 Kf6 20. 0-0 Bb4 21. Rc7 Rab8 22. f4 Rhc8 23. Bd4+ Kg6 24. Bd3+ 1-0

[Event "Leiden SB-ch 1819"]
[Site "Leiden"]
[Date "2018.10.19"]
[Round "1"]
[White "Van Wessel, Rudy"]
[Black "Van Halderen, Herman"]
[Result "0-1"]
[WhiteElo "2389"]
[BlackElo "2022"]
[PlyCount "108"]
[EventDate "2018.10.19"]
[EventType "swiss"]
[EventRounds "9"]
[EventCountry "NED"]
[SourceTitle "EXT 2023"]
[Source "ChessBase"]
[SourceDate "2022.10.05"]
[SourceVersion "1"]
[SourceVersionDate "2022.10.05"]
[SourceQuality "1"]

1. d4 e6 2. Nf3 f5 3. g3 Nf6 4. Bg2 d5 5. 0-0 Bd6 6. c4 c6 7. b3 Qe7 8. Bb2 0-0 9. Ne5 Nbd7 10. Nd2 Ne4 11. Ndf3 g5 12. Nxd7 Bxd7 13. Ne5 g4 14. f3 Nf6 15. Qd2 Qg7 16. a4 Rfd8 17. Qe3 h5 18. Ba3 Bc7 19. Rfd1 Re8 20. Rac1 Rad8 21. Rb1 Bc8 22. c5 h4 23. gxh4 Bxe5 24. dxe5 gxf3 25. exf3 Nd7 26. Re1 Kf7 27. Kh1 Qh7 28. Qf2 Rh8 29. Bc1 Rdg8 30. b4 Qxh4 31. Qxh4 Rxh4 32. f4 a5 33. Be3 axb4 34. Rec1 Rhg4 35. Bf3 Rh4 36. Bg2 Rgh8 37. Rxb4 Nxe5 38. Rb3 Rxh2+ 39. Kg1 Nd7 40. Bd4 R8h7 41. Rcb1 R2h4 42. Be3 d4 43. Bxd4 Rxf4 44. Be3 Rxa4 45. Rxb7 Bxb7 46. Rxb7 Kg6 47. Bxc6 Rg4+ 48. Kf1 Rh3 49. Bf2 Ne5 50. Be8+ Kf6 51. c6 Rc4 52. c7 Rhc3 53. c8Q Rc1+ 54. Ke2 Re4+ 0-1

[Event "Leiden op-A 12th"]
[Site "Leiden"]
[Date "2018.07.14"]
[Round "2"]
[White "Kukov, Velislav"]
[Black "Van Halderen, Herman"]
[Result "1/2-1/2"]
[WhiteElo "2382"]
[BlackElo "2048"]
[PlyCount "89"]
[EventDate "2018.07.13"]
[EventType "swiss"]
[EventRounds "9"]
[EventCountry "NED"]
[SourceTitle "CBM 185 Extra"]
[Source "ChessBase"]
[SourceDate "2018.07.29"]
[SourceVersion "1"]
[SourceVersionDate "2018.07.29"]
[SourceQuality "1"]

1. d4 e6 2. Nf3 f5 3. Bg5 Nf6 4. Nbd2 Be7 5. Bxf6 Bxf6 6. e4 0-0 7. Bd3 d5 8. e5 Be7 9. Qe2 c5 10. dxc5 Bxc5 11. Nb3 Be7 12. 0-0 Nc6 13. c3 Bd7 14. Rad1 Kh8 15. c4 Qe8 16. cxd5 exd5 17. e6 Bc8 18. Nfd4 g6 19. Nb5 Bd8 20. Rfe1 Rf6 21. N5d4 Be7 22. a3 a6 23. Rc1 Bd6 24. Bb1 Ne5 25. Rc2 b6 26. f4 Nc4 27. Qf3 Bb7 28. Rce2 Be7 29. h3 Nd6 30. g4 fxg4 31. hxg4 Ne4 32. Qe3 Bd6 33. Bxe4 Bxf4 34. Qc3 Rc8 35. Nc6 Qxe6 36. Bxd5 Qxg4+ 37. Rg2 Qh4 38. Re6 Bg5 39. Qe5 Bxc6 40. Bxc6 Rd8 41. Bf3 Rd3 42. Re8+ Kg7 43. Re7+ Kf8 44. Re8+ Kg7 45. Re7+ 1/2-1/2

[Event "Leiden op-A 12th"]
[Site "Leiden"]
[Date "2018.07.13"]
[Round "1"]
[White "Van Halderen, Herman"]
[Black "Viani, Antonio Dcunha"]
[Result "0-1"]
[WhiteElo "2048"]
[BlackElo "2404"]
[PlyCount "108"]
[EventDate "2018.07.13"]
[EventType "swiss"]
[EventRounds "9"]
[EventCountry "NED"]
[SourceTitle "CBM 185 Extra"]
[Source "ChessBase"]
[SourceDate "2018.07.29"]
[SourceVersion "1"]
[SourceVersionDate "2018.07.29"]
[SourceQuality "1"]

1. d4 Nf6 2. c4 g6 3. Nc3 Bg7 4. e4 d6 5. Be2 0-0 6. Nf3 e5 7. 0-0 Nc6 8. d5 Ne7 9. Ne1 Nd7 10. Be3 f5 11. f3 f4 12. Bf2 g5 13. a4 h5 14. a5 Ng6 15. Nb5 a6 16. Na7 Rxa7 17. Bxa7 b6 18. Nd3 Bb7 19. Nb4 Ne7 20. axb6 cxb6 21. Nxa6 Bxa6 22. Rxa6 Qc7 23. b4 g4 24. fxg4 hxg4 25. Bxg4 Qxc4 26. Qe2 Qd4+ 27. Kh1 Nf6 28. Bxb6 Qxb4 29. Be6+ Kh7 30. Qf2 Qxe4 31. Qh4+ Kg6 32. Ra3 Nf5 33. Qh3 Nxd5 34. Qg4+ Kf6 35. Bxd5 Qxd5 36. h4 Qb5 37. Rd1 Qxb6 38. h5 Ne7 39. Qh4+ Kf7 40. h6 Rh8 41. Qh5+ Ke6 42. Qg4+ Nf5 43. Qg6+ Bf6 44. h7 Qc7 45. Rh3 Qg7 46. Qxg7 Bxg7 47. Rb1 e4 48. Rb7 e3 49. g4 fxg3 50. Kg2 e2 51. Rb1 Bc3 52. Rhh1 Kf6 53. Kf3 e1Q 54. Rbxe1 Bxe1 0-1

[Event "Leiden LCT op-A 11th"]
[Site "Leiden"]
[Date "2017.07.23"]
[Round "9"]
[White "Van Halderen, Herman"]
[Black "Schroeder, Marc JPG"]
[Result "1-0"]
[WhiteElo "2071"]
[BlackElo "1909"]
[PlyCount "67"]
[EventDate "2017.07.14"]
[EventType "swiss"]
[EventRounds "9"]
[EventCountry "NED"]
[SourceTitle "EXT 2018"]
[Source "ChessBase"]
[SourceDate "2017.10.13"]
[SourceVersion "1"]
[SourceVersionDate "2017.10.13"]
[SourceQuality "1"]

1. d4 Nf6 2. c4 e6 3. Nc3 d5 4. cxd5 exd5 5. Bg5 Bb4 6. e3 c5 7. dxc5 Nbd7 8. Bb5 Bxc3+ 9. bxc3 0-0 10. Bxd7 Bxd7 11. Ne2 Be6 12. 0-0 h6 13. Bh4 g5 14. Bg3 Ne4 15. Qd4 Qa5 16. f3 Nxg3 17. Nxg3 f6 18. Qd3 f5 19. Qd4 Qc7 20. Rab1 f4 21. Ne2 fxe3 22. Rb2 Rad8 23. Qxe3 Bc8 24. Qd4 Qe7 25. f4 Qf7 26. Ng3 g4 27. f5 h5 28. Qf4 Qe7 29. f6 Qxc5+ 30. Kh1 Rf7 31. Qg5+ Kf8 32. Re2 Qxc3 33. Re7 Re8 34. Qh6+ 1-0

[Event "Leiden LCT op-A 11th"]
[Site "Leiden"]
[Date "2017.07.17"]
[Round "4"]
[White "Kat, Rudolf"]
[Black "Van Halderen, Herman"]
[Result "1-0"]
[WhiteElo "1924"]
[BlackElo "2071"]
[PlyCount "51"]
[EventDate "2017.07.14"]
[EventType "swiss"]
[EventRounds "9"]
[EventCountry "NED"]
[SourceTitle "EXT 2018"]
[Source "ChessBase"]
[SourceDate "2017.10.13"]
[SourceVersion "1"]
[SourceVersionDate "2017.10.13"]
[SourceQuality "1"]

1. e4 c5 2. Nc3 Nc6 3. g3 g6 4. Bg2 Bg7 5. d3 e6 6. Be3 d6 7. Qd2 Nge7 8. Bh6 0-0 9. Bxg7 Kxg7 10. Nh3 Rb8 11. 0-0 b5 12. f4 Nd4 13. Nd1 b4 14. Ne3 Bb7 15. c3 Ndc6 16. f5 exf5 17. exf5 gxf5 18. Nxf5+ Nxf5 19. Rxf5 f6 20. Rh5 Qd7 21. Qh6+ Kh8 22. Be4 f5 23. Rf1 Qg7 24. Qxg7+ Kxg7 25. Rg5+ Kh6 26. Rf4 1-0

[Event "Leiden op-A 10th"]
[Site "Leiden"]
[Date "2016.07.17"]
[Round "3"]
[White "Baak, Evert"]
[Black "Van Halderen, Herman"]
[Result "0-1"]
[WhiteElo "1924"]
[BlackElo "2079"]
[PlyCount "82"]
[EventDate "2016.07.15"]
[EventType "swiss"]
[EventRounds "9"]
[EventCountry "NED"]
[SourceTitle "CBM 173 Extra"]
[Source "ChessBase"]
[SourceDate "2016.08.29"]
[SourceVersion "1"]
[SourceVersionDate "2016.08.29"]
[SourceQuality "1"]

1. Nf3 c5 2. c4 Nf6 3. d4 cxd4 4. Nxd4 Nc6 5. Nc3 e6 6. g3 Bb4 7. Bg2 0-0 8. 0-0 Qb6 9. Nc2 Bxc3 10. bxc3 Qa5 11. Qd2 d5 12. Ne3 Rd8 13. cxd5 exd5 14. Qc2 Be6 15. Bd2 Qa6 16. Rab1 Rac8 17. Rfe1 b6 18. Qb2 Ne5 19. Rbc1 Rc5 20. h3 Qc8 21. Kh2 h5 22. Red1 Qc7 23. Kg1 Qc8 24. Kh2 Qa6 25. Be1 Rdc8 26. f4 Nc4 27. Nxc4 Rxc4 28. Bf2 Ra4 29. Rc2 h4 30. g4 Rxf4 31. Bd4 b5 32. e3 Nxg4+ 33. hxg4 Rxg4 34. Bh3 Qd6+ 35. Kh1 Qg3 36. Bxg4 Bxg4 37. Rg2 Qf3 38. Qd2 h3 39. Rdg1 Rc6 40. Kh2 hxg2 41. Qxg2 Rh6+ 0-1

[Event "Leiden op-A 10th"]
[Site "Leiden"]
[Date "2016.07.16"]
[Round "2"]
[White "Rosen, Eric S"]
[Black "Van Halderen, Herman"]
[Result "1-0"]
[WhiteElo "2393"]
[BlackElo "2079"]
[PlyCount "55"]
[EventDate "2016.07.15"]
[EventType "swiss"]
[EventRounds "9"]
[EventCountry "NED"]
[SourceTitle "CBM 173 Extra"]
[Source "ChessBase"]
[SourceDate "2016.08.29"]
[SourceVersion "1"]
[SourceVersionDate "2016.08.29"]
[SourceQuality "1"]

1. d4 Nf6 2. Nf3 e6 3. Bf4 c5 4. e3 d5 5. c3 Nc6 6. Nbd2 Bd6 7. Bg3 0-0 8. Bd3 Re8 9. Ne5 Qc7 10. f4 c4 11. Bc2 b5 12. Bh4 Be7 13. 0-0 Nd8 14. Qf3 Bb7 15. f5 Ne4 16. Bxe7 Rxe7 17. Nxe4 dxe4 18. Bxe4 exf5 19. Qxf5 Bxe4 20. Qxe4 Rb8 21. Rf3 Rb6 22. Raf1 g6 23. Qh4 Kg7 24. Ng4 h5 25. Nf6 Ree6 26. Nd5 Qd6 27. Nxb6 Qxb6 28. e4 1-0

[Event "Leiden op-A 9th"]
[Site "Leiden"]
[Date "2015.07.19"]
[Round "3"]
[White "Visser, Henk Jan"]
[Black "Van Halderen, Herman"]
[Result "1/2-1/2"]
[WhiteElo "2272"]
[BlackElo "2052"]
[PlyCount "126"]
[EventDate "2015.07.17"]
[EventType "swiss"]
[EventRounds "9"]
[EventCountry "NED"]
[SourceTitle "CBM 167 Extra"]
[Source "ChessBase"]
[SourceDate "2015.09.14"]
[SourceVersion "1"]
[SourceVersionDate "2015.09.14"]
[SourceQuality "1"]

1. e4 c5 2. Nf3 d6 3. d4 cxd4 4. Nxd4 Nf6 5. Nc3 a6 6. Be3 e5 7. Nb3 Be6 8. f3 Nbd7 9. Qd2 Be7 10. 0-0-0 0-0 11. Kb1 b5 12. g4 b4 13. Ne2 a5 14. g5 Nh5 15. Ng3 Nf4 16. h4 a4 17. Nd4 b3 18. Nc6 bxc2+ 19. Qxc2 Qe8 20. Nf5 Bxf5 21. exf5 Nh5 22. f6 gxf6 23. Rg1 Kh8 24. Qe4 Ng7 25. Nxe7 Qxe7 26. gxf6 Nxf6 27. Bh6 Ngh5 28. Qf5 Rg8 29. Rg5 Ng3 30. Rxg3 Rxg3 31. Bg5 Rxg5 32. hxg5 Ng8 33. Bd3 f6 34. Rh1 Ra7 35. Qc8 f5 36. g6 Rc7 37. Qxf5 h6 38. Qe4 Qg5 39. Qxa4 Qd2 40. Rd1 Qe3 41. Qe4 Qc5 42. f4 Nf6 43. Qf5 Kg7 44. fxe5 Qxe5 45. a3 Rb7 46. Qxe5 dxe5 47. Bf5 e4 48. Rg1 Re7 49. Kc2 Re5 50. Bh3 Nd5 51. Bf1 e3 52. Bc4 Nf4 53. Kc3 h5 54. b4 h4 55. b5 h3 56. b6 Re7 57. a4 e2 58. Re1 h2 59. Bxe2 Rxe2 60. Rh1 Nd5+ 61. Kd3 Rb2 62. a5 Nxb6 63. axb6 Rxb6 1/2-1/2

[Event "Leiden op-A 9th"]
[Site "Leiden"]
[Date "2015.07.17"]
[Round "1"]
[White "Van Halderen, Herman"]
[Black "Milov, Leonid"]
[Result "0-1"]
[WhiteElo "2052"]
[BlackElo "2462"]
[PlyCount "75"]
[EventDate "2015.07.17"]
[EventType "swiss"]
[EventRounds "9"]
[EventCountry "NED"]
[SourceTitle "CBM 167 Extra"]
[Source "ChessBase"]
[SourceDate "2015.09.14"]
[SourceVersion "1"]
[SourceVersionDate "2015.09.14"]
[SourceQuality "1"]

1. d4 Nf6 2. c4 c5 3. d5 a6 4. Qc2 g6 5. e4 d6 6. Nc3 Bg7 7. Nf3 0-0 8. Nd2 e6 9. a4 Nh5 10. Be2 Nf4 11. Bf3 Qf6 12. Nf1 Nd7 13. Ne2 Nh3 14. Ra3 Ne5 15. Nd2 Ng5 16. h4 Ngxf3+ 17. Nxf3 exd5 18. cxd5 Re8 19. h5 Bd7 20. Kf1 Nxf3 21. Rxf3 Qe7 22. hxg6 fxg6 23. Ng3 b5 24. a5 b4 25. Kg1 Rab8 26. Rf4 Rf8 27. Ne2 Rxf4 28. Bxf4 Rb5 29. f3 Rxa5 30. g4 Ra2 31. Bc1 Qf6 32. Kg2 Rxb2 33. Bxb2 Qxb2 34. Qxb2 Bxb2 35. Rb1 Bg7 36. Nc1 a5 37. Kg3 g5 38. Ra1 0-1

[Event "Leiden LCT op-A 7th"]
[Site "Leiden"]
[Date "2013.07.21"]
[Round "9"]
[White "Van Halderen, Herman"]
[Black "Serdijn Koster, Adinda"]
[Result "1-0"]
[WhiteElo "2071"]
[BlackElo "2048"]
[PlyCount "73"]
[EventDate "2013.07.12"]
[EventType "swiss"]
[EventRounds "9"]
[EventCountry "NED"]
[SourceTitle "CBM 155 Extra"]
[Source "ChessBase"]
[SourceDate "2013.08.26"]
[SourceVersion "1"]
[SourceVersionDate "2013.08.26"]
[SourceQuality "1"]

1. d4 d5 2. c4 dxc4 3. e4 e5 4. Nf3 exd4 5. Bxc4 Nc6 6. 0-0 Bc5 7. Qb3 Qd7 8. Bd2 a6 9. Qc2 Qe7 10. b3 Bg4 11. Bd5 Bxf3 12. Bxc6+ bxc6 13. gxf3 Qd6 14. Kh1 Ne7 15. b4 Bb6 16. Rg1 0-0 17. Qd3 c5 18. bxc5 Bxc5 19. Bg5 Ng6 20. Nd2 h6 21. Nc4 Qe6 22. Bd2 Be7 23. Rg2 Qh3 24. Rg3 Qh5 25. Rag1 Rfd8 26. f4 Bf8 27. f5 Nh4 28. Rg4 Kh8 29. f4 Rab8 30. Be1 Be7 31. Bxh4 Bxh4 32. Qh3 g5 33. fxg6 fxg6 34. Rxh4 Qe2 35. Rxh6+ Kg7 36. Rgxg6+ Kf8 37. Qf5+ 1-0

[Event "Leiden LCT op-A 7th"]
[Site "Leiden"]
[Date "2013.07.19"]
[Round "7"]
[White "Van Halderen, Herman"]
[Black "Vistisen, Lars"]
[Result "1-0"]
[WhiteElo "2071"]
[BlackElo "2177"]
[PlyCount "85"]
[EventDate "2013.07.12"]
[EventType "swiss"]
[EventRounds "9"]
[EventCountry "NED"]
[SourceTitle "CBM 155 Extra"]
[Source "ChessBase"]
[SourceDate "2013.08.26"]
[SourceVersion "1"]
[SourceVersionDate "2013.08.26"]
[SourceQuality "1"]

1. d4 Nf6 2. c4 c5 3. d5 e6 4. Nc3 exd5 5. cxd5 g6 6. Nf3 d6 7. Nd2 a6 8. a4 Nbd7 9. e4 Rb8 10. Be2 Bg7 11. 0-0 0-0 12. f4 Re8 13. Kh1 h5 14. h3 Qe7 15. a5 b5 16. axb6 Nxb6 17. Bf3 Ng4 18. Qe1 Nh6 19. Qg3 Kh7 20. Bd1 Nd7 21. Nf3 Kh8 22. Bc2 Rb4 23. e5 dxe5 24. f5 h4 25. Qf2 Nxf5 26. Bxf5 gxf5 27. Ng5 Nf8 28. d6 Qb7 29. Qe2 Ng6 30. Rd1 Rd4 31. Be3 Kg8 32. Na4 Qc6 33. Bxd4 exd4 34. Qc4 Be6 35. Qxc5 Qxc5 36. Nxc5 Bd5 37. d7 Rd8 38. Rxa6 Nf4 39. Re1 Ne6 40. Rd6 Be4 41. Ngxe6 fxe6 42. Nxe6 Be5 43. Nxd8 1-0

[Event "Leiden LCT op-A 6th"]
[Site "Leiden"]
[Date "2012.07.12"]
[Round "6"]
[White "Algera, Simon"]
[Black "Van Halderen, Herman"]
[Result "0-1"]
[WhiteElo "2113"]
[BlackElo "2062"]
[PlyCount "108"]
[EventDate "2012.07.06"]
[EventType "swiss"]
[EventRounds "9"]
[EventCountry "NED"]
[SourceTitle "CBM 149 Extra"]
[Source "ChessBase"]
[SourceDate "2012.08.24"]
[SourceVersion "1"]
[SourceVersionDate "2012.08.24"]
[SourceQuality "1"]

1. d4 Nf6 2. Nf3 e6 3. Bg5 c5 4. e3 Be7 5. c3 Nc6 6. Nbd2 h6 7. Bxf6 Bxf6 8. dxc5 0-0 9. Ne4 Be7 10. b4 b6 11. Nd4 Ne5 12. f4 bxc5 13. bxc5 f5 14. Nd6 Ng4 15. N4xf5 exf5 16. Qd5+ Kh8 17. Qxa8 Bxd6 18. cxd6 Qb6 19. Be2 Re8 20. 0-0-0 Nf6 21. Bh5 Nxh5 22. Rd4 Nf6 23. Qf3 Qa5 24. Kb2 Ne4 25. Rc1 Ba6 26. Qd1 Nc5 27. Qd2 Rc8 28. Qc2 Nd3+ 29. Rxd3 Qb5+ 30. Ka1 Qxd3 31. Qxd3 Bxd3 32. Rd1 Be4 33. Kb2 Rb8+ 34. Ka3 Bxg2 35. c4 Bc6 36. Rd3 Kh7 37. Rb3 Re8 38. Kb4 g5 39. fxg5 hxg5 40. Ra3 Rb8+ 41. Kc5 Rb7 42. Kd4 Kg6 43. Ke5 Rb4 44. Rc3 a5 45. Kd4 Rb2 46. Ra3 a4 47. h3 Rh2 48. e4 fxe4 49. Ke5 Rd2 50. Rg3 Rd3 51. Rg1 Rxh3 52. Rb1 Rd3 53. Rf1 Rf3 54. Re1 g4 0-1

[Event "Leiden LCT op-A 6th"]
[Site "Leiden"]
[Date "2012.07.10"]
[Round "5"]
[White "Ypma, Peter"]
[Black "Van Halderen, Herman"]
[Result "1-0"]
[WhiteElo "2175"]
[BlackElo "2062"]
[PlyCount "39"]
[EventDate "2012.07.06"]
[EventType "swiss"]
[EventRounds "9"]
[EventCountry "NED"]
[SourceTitle "CBM 149 Extra"]
[Source "ChessBase"]
[SourceDate "2012.08.24"]
[SourceVersion "1"]
[SourceVersionDate "2012.08.24"]
[SourceQuality "1"]

1. e4 c5 2. Nc3 Nc6 3. f4 g6 4. Nf3 Bg7 5. Bb5 e6 6. Bxc6 bxc6 7. 0-0 Ne7 8. d3 d5 9. Qe1 0-0 10. Kh1 Rb8 11. Na4 c4 12. e5 cxd3 13. cxd3 d4 14. b3 Re8 15. Ng5 Nd5 16. Ne4 f6 17. Nd6 Rf8 18. Ba3 Ne3 19. Nxc8 Qd5 20. Ne7+ 1-0

[Event "Leiden LCT op-A 6th"]
[Site "Leiden"]
[Date "2012.07.08"]
[Round "2"]
[White "Slingerland, Fred"]
[Black "Van Halderen, Herman"]
[Result "0-1"]
[WhiteElo "2360"]
[BlackElo "2062"]
[PlyCount "100"]
[EventDate "2012.07.06"]
[EventType "swiss"]
[EventRounds "9"]
[EventCountry "NED"]
[SourceTitle "CBM 149 Extra"]
[Source "ChessBase"]
[SourceDate "2012.08.24"]
[SourceVersion "1"]
[SourceVersionDate "2012.08.24"]
[SourceQuality "1"]

1. e4 c5 2. Nf3 d6 3. d4 cxd4 4. Nxd4 Nf6 5. Nc3 a6 6. Be2 e5 7. Nb3 Be7 8. Bg5 0-0 9. Bxf6 Bxf6 10. Qd3 Be6 11. Rd1 Be7 12. Nd5 Bg5 13. g3 Nd7 14. h4 Bxd5 15. Qxd5 Be7 16. Qxb7 Nf6 17. Bf3 a5 18. a4 Rb8 19. Qa6 Qc8 20. Qe2 Rb4 21. 0-0 Qc7 22. Rd2 Rxa4 23. c3 Rb8 24. Nc1 Rc4 25. Rc2 d5 26. exd5 Bd6 27. Bg2 e4 28. Re1 h5 29. Qd2 a4 30. Ne2 Bc5 31. d6 Bxd6 32. Nd4 Bc5 33. Nf5 Ng4 34. Qg5 g6 35. Bf1 Kf8 36. Qf4 Bxf2+ 37. Rxf2 e3 38. Nxe3 Rxf4 39. Rxf4 Rxb2 40. Bc4 Nxe3 41. Rxe3 f5 42. Re6 Kg7 43. Ra6 Qb7 44. Bf1 Qe7 45. Rf3 a3 46. c4 Qc5+ 47. Kh1 a2 48. Raa3 Rf2 49. Bg2 Rxf3 50. Bxf3 Qxa3 0-1

[Event "Leiden LCT op-A 5th"]
[Site "Leiden"]
[Date "2011.07.12"]
[Round "5"]
[White "Van Halderen, Herman"]
[Black "Mashinskaya, Iulia"]
[Result "0-1"]
[WhiteElo "2081"]
[BlackElo "2333"]
[PlyCount "140"]
[EventDate "2011.07.08"]
[EventType "swiss"]
[EventRounds "9"]
[EventCountry "NED"]
[SourceTitle "CBM 143 Extra"]
[Source "ChessBase"]
[SourceDate "2011.08.29"]
[SourceVersion "1"]
[SourceVersionDate "2011.08.29"]
[SourceQuality "1"]

1. c4 c6 2. Nf3 Nf6 3. d4 d5 4. Nc3 dxc4 5. a4 Bf5 6. Ne5 e6 7. f3 Bb4 8. e4 Bxe4 9. fxe4 Nxe4 10. Bd2 Qxd4 11. Nxe4 Qxe4+ 12. Qe2 Bxd2+ 13. Kxd2 Qd5+ 14. Kc2 Na6 15. Nxc4 Ke7 16. Qe5 f6 17. Qxd5 cxd5 18. Na5 Rac8+ 19. Kb1 Nb4 20. Nxb7 Rc7 21. Na5 Rhc8 22. Be2 d4 23. Ra3 Rc2 24. Re1 R2c7 25. Rb3 Nc2 26. Rd1 e5 27. Ba6 Ne3 28. Rxe3 dxe3 29. Bxc8 Rxc8 30. Re1 Rc5 31. Nb3 Rc4 32. a5 Re4 33. Kc2 f5 34. Kd3 Rg4 35. Re2 f4 36. Ke4 Kd6 37. Nc1 Rg6 38. Nd3 Re6 39. b4 g5 40. h3 Re8 41. Rc2 Rb8 42. Rc4 h5 43. Rc1 Rb5 44. Rc8 e2 45. Rc1 Rd5 46. Nf2 Rd4+ 47. Kf3 Rxb4 48. Re1 Ra4 49. Ne4+ Ke7 50. Rxe2 Ra3+ 51. Kf2 g4 52. hxg4 hxg4 53. Nd2 g3+ 54. Kf1 Rxa5 55. Re4 Kf6 56. Ke2 Kf5 57. Rb4 Ra2 58. Kd3 a5 59. Rb5 Ra3+ 60. Kc2 a4 61. Kd1 Ra2 62. Nf3 a3 63. Rxe5+ Kf6 64. Re4 Rxg2 65. Rxf4+ Ke7 66. Ra4 a2 67. Kc1 Rf2 68. Ne1 Re2 69. Kd1 Rb2 70. Nc2 g2 0-1

[Event "Leiden LCT op-A 5th"]
[Site "Leiden"]
[Date "2011.07.08"]
[Round "1"]
[White "Van Halderen, Herman"]
[Black "Tiviakov, Sergei"]
[Result "0-1"]
[WhiteElo "2081"]
[BlackElo "2623"]
[PlyCount "58"]
[EventDate "2011.07.08"]
[EventType "swiss"]
[EventRounds "9"]
[EventCountry "NED"]
[SourceTitle "CBM 143 Extra"]
[Source "ChessBase"]
[SourceDate "2011.08.29"]
[SourceVersion "1"]
[SourceVersionDate "2011.08.29"]
[SourceQuality "1"]

1. c4 e5 2. Nc3 Nf6 3. g3 d5 4. cxd5 Nxd5 5. Bg2 Nb6 6. Nf3 Nc6 7. 0-0 Be7 8. b3 0-0 9. Bb2 f5 10. d3 Bf6 11. e4 f4 12. Ne2 fxg3 13. fxg3 Bg4 14. h3 Bxf3 15. Rxf3 Qe7 16. Qc2 Rad8 17. Rd1 Bg5 18. Rdf1 Rxf3 19. Rxf3 Qd6 20. a3 a5 21. Kh2 Bf6 22. Qc1 Nd7 23. b4 axb4 24. axb4 Nxb4 25. d4 exd4 26. Nxd4 Ne5 27. Rb3 Nbd3 28. Qa1 Nxb2 29. Nf5 Qd2 0-1